00505 a2200181 4500260001400000245007700014300000900091260001600100260000900116130000800125100001800133651001100151690000900162690001400171690001300185999001700198952010800215 bUNECA/FAO aImproving food security in Africa: the ignored contribution of livestock a48p. aAddis Abeba c1995 len. aABASSA, K. P. aAfrica afood alivestock asecurity c28649d28649 00104070aBIDOCbBIDOCd0000-00-00l0oNSA.1995.013r2009-02-28 00:00:00t1w2009-02-28yLIVRzA.6794